LEADER 01291nam a2200277 i 4500 001 000000175381 003 CaOOAMICUS 005 20081217000000.0 008 081217s1980 fr u000 u fre u 013 $a152858 020 $a2-220-02280-3 040 $aSeMil$bita 100 1 $aGouvernaire, Jean.$0(OLS)http://semarc/name/65412 245 10$aQuand Dieu entre à l'improviste :$bl'énigme ignatienne de la «consolation sans cause» /$cJean Gouvernaire. 260 $aParis :$bDesclée de Brouwer,$ccopyr. 1980. 300 $a166 p. ;$c20 cm. 490 0 $aCollection Christus : textes, essais, études ;$v50. 500 $aDono di don Romano Martinelli. 650 4$aIgnazio : di Loyola - Esercizi spirituali.$0(OLS)http://semarc/subject/1914 830 0$aCollection Christus ;$v50.$0(OLS)http://semarc/title/11573 850 $aSeMil 852 $aSeMil$W1$xVenegono$y1$m2C II 572$j126204$B126204$CSeMilBibl$Z2$F138792 $81 961 $aOmaggio: Martinelli don Romano 996 $6020$a2-220-02280-3$9(OLS)http://semarc/number/163603 996 $6245$aQuand Dieu entre à l'improviste :$bl'énigme ignatienne de la «consolation sans cause»$9(OLS)http://semarc/title/251533 996 $6260$aParis :$bDesclée de Brouwer$9(OLS)http://semarc/publisher/30132 LEADER 00850nam a2200217 i 4500 001 000000017851 003 CaOOAMICUS 005 20240611115052.0 008 180830s1976 it u000 u mul u 040 $aSeMil$bita 100 1 $aGarcía Lorca, Federico <1898-1936>.$0(OLS)http://semarc/name/8121 245 10$aTutte le poesie /$cFederico García Lorca ; traduzione e introduzione di Carlo Bo. 260 $aMilano :$bGarzanti,$c1976. 300 $a2 v. ;$c18 cm. 546 $aTesto spagnolo a fronte 700 1 $aBo, Carlo,$d<1911-2001>.$0(OLS)http://semarc/name/7656 774 0 $tVol. 1.$kGrandi libri Garzanti$w()34253 774 0 $tVol. 2.$kGrandi libri Garzanti$w()161513 996 $6245$aTutte le poesie$9(OLS)http://semarc/title/2811 996 $6260$aMilano :$bGarzanti$9(OLS)http://semarc/publisher/29852